000 00502nam a2200181Ia 4500
005 20260415160354.0
008 008 250505s9999 xx 000 0 eng d
037 _aTextual
040 _aFEDL
_beng
_cFEDL
041 _aeng
_2eng
084 _a153.42 WAL
_qFEDL
100 _aWallas Graham
_9119395
245 0 _aArt of thought
260 _aLondon, UK
_bC. A. Watts and Co. Ltd.
_c1945
300 _ax,129p
942 _cTEXL
_h153.42 WAL
999 _c1322203
_d1322203